[Kontrolovanie v manažmente]

Recenzia na publikáciu, ktorá sa venuje kontrolovaniu ako manažérskej funkcii a je určená nielen študentom, ale i manažérom a verejnosti, ktorí si chcú rozšíriť znalosti a získať nové informácie o tejto vybranej funkcii.

Guardado en:
Detalles Bibliográficos
Autor principal: Skorková, Zuzana, 1979-
Formato: Capítulo de libro
Lenguaje:eslovaco
Materias:
Etiquetas: Agregar Etiqueta
Sin Etiquetas, Sea el primero en etiquetar este registro!

MARC

LEADER 00000nla a2200000 4500
001 0240330
005 20240502073913.7
041 0 |a slo 
044 |a SK 
245 1 0 |a [Kontrolovanie v manažmente]  |c Zuzana Skorková 
520 |a Recenzia na publikáciu, ktorá sa venuje kontrolovaniu ako manažérskej funkcii a je určená nielen študentom, ale i manažérom a verejnosti, ktorí si chcú rozšíriť znalosti a získať nové informácie o tejto vybranej funkcii. 
610 2 0 |a recenzie 
610 2 0 |a manažéri 
610 2 0 |a manažment 
610 2 0 |a kontrola 
100 1 |a Skorková, Zuzana, 1979-